000 00477nam a2200181Ia 4500
005 20250508151801.0
008 008 250505s9999 xx 000 0 hin d
037 _aTextual
040 _aFEDL
_beng
_cFEDL
041 _ahin
_2eng
084 _a491.435, SAR
_qFEDL
100 _aSarkar M K
_9759990
245 0 _aAnuwad komudi
260 _aDelhi, India
_bYoung Man and Co.
300 _a335p.
942 _cTEXL
_h491.435, SAR
999 _c1332137
_d1332137